| 000 | 00807nam a22002417a 4500 | ||
|---|---|---|---|
| 005 | 20170124110023.0 | ||
| 010 | _aB-019346 | ||
| 020 |
_c00.00 _a8171415415 |
||
| 035 | _aB-019346 | ||
| 037 | _bCen Lib/Ret | ||
| 040 |
_aDPL _bEN |
||
| 082 |
_a507 _bLAK |
||
| 100 |
_aLakshmi, Gadde Bhuvaneswara _920129 |
||
| 245 |
_aAttitude towards science / _cby Gadde Bhuvaneswara Lakshmi |
||
| 260 |
_aNew Delhi _bDiscovery Publishing House _c2000 |
||
| 270 |
_a4831/24, Ansari Road, Prahlad Street Darya Ganj _bNew Delhi _e110002 |
||
| 300 |
_a118p. _c21cm(Hb) |
||
| 500 | _aIncludes bibliographic references and index | ||
| 650 |
_aScience--Public opinion _920130 |
||
| 650 |
_aTechnology--Public opinion _920131 |
||
| 700 |
_aRao, Digumarti Bhaskara _94707 |
||
| 942 |
_2ddc _cEN _h507 _mLAK |
||
| 999 |
_c127318 _d127318 |
||